[Event "World Cup"]
[Site "Barcelona"]
[Date "1989.??.??"]
[Round "?"]
[White "Short, Nigel D"]
[Black "Nogueiras, Jesus"]
[Result "1-0"]
[WhiteElo "2650"]
[BlackElo "2575"]

1.e4 e6 2.d4 d5 3.Nc3 Bb4 4.e5 c5 5.a3 Bxc3+ 6.bxc3 Ne7 7.Qg4 Qc7 8.Qxg7 Rg8
9.Qxh7 cxd4 10.Ne2 Nbc6 11.f4 Bd7 12.Qd3 dxc3 13.Nxc3 a6 14.Ne2 Rc8 15.Bd2 Nf5
16.h3 Qd8 17.Rb1 b5 18.Rg1 Qb6 19.g4 Nfd4 20.Rg3 Nxe2 21.Bxe2 Nd4 22.Bd1 Rh8
23.Be3 Qa5+ 24.Qd2 Qc3 25.Rc1 Rc4 26.Qxc3 Rxc3 27.Kf2 Nc6 28.Bd2 Rc4 29.Rd3 Ke7
30.Kg3 Rc8 31.h4 Kf8 32.h5 Kg8 33.Rb1 Nd4 34.c3 Nc6 35.Bb3 Re4 36.Be3 Na5
37.Bd4 Re2 38.Kf3 Rh2 39.Re3 Nc4 40.Bxc4 Rxc4 41.Ra1 a5 42.Kg3 Rc2 43.Rd3 Ra4
44.Kh4 Rg2 45.Kg5 Rc4 46.Rdd1 Kh7 47.Rg1 Rxg1 48.Rxg1 b4 49.axb4 axb4 50.Rg3 b3
51.Rg2 Kg7 52.Rb2 Ba4 53.f5 Rc6 54.f6+ Kh7 55.Kf4 Rc8 56.g5 Rc7 57.Rg2 Be8
58.Ke3 Rc8 59.Rg1 b2 60.Rb1 Rb8 61.Bc5 Rb3 62.Bb4 Kh8 63.Kd4 Kg8 64.Kc5 Kf8
65.g6 fxg6 66.h6 Kg8 67.Kd6 d4 68.Ke7 dxc3 69.h7+ Kh8 70.Bxc3 Rxc3 71.Kxe8 Kxh7
72.Rh1+  1-0

[Event "World Cup"]
[Site "Barcelona"]
[Date "1989.??.??"]
[Round "?"]
[White "Spassky, Boris V"]
[Black "Illescas Cordoba, Miguel"]
[Result "1-0"]
[WhiteElo "2580"]
[BlackElo "2525"]

1.d4 Nf6 2.c4 c5 3.d5 a6 4.a4 e5 5.Nc3 d6 6.e4 Be7 7.Bd3 O-O 8.Nge2 Ne8 9.O-O Bg5
10.a5 Bxc1 11.Qxc1 g6 12.Qd2 Nd7 13.Bc2 Ng7 14.Ra3 Rb8 15.Ng3 b5 16.axb6 Nxb6
17.b3 Nd7 18.Raa1 Qh4 19.Nce2 Bb7 20.Qa5 Qe7 21.Qd2 Kh8 22.Rae1 Rbe8 23.Nc1 f5
24.exf5 gxf5 25.Qh6 Rf6 26.Qh4 Qf7 27.f4 e4 28.Nce2 Rg8 29.Nc3 Nf8 30.Ncxe4 fxe4
31.Nxe4 Nh5 32.Ng5 Rxg5 33.fxg5 Rf4 34.g3 Rxf1+ 35.Rxf1 Qe8 36.g4 Ng6 37.Bxg6  1-0

[Event "World Cup"]
[Site "Barcelona"]
[Date "1989.??.??"]
[Round "?"]
[White "Vaganian, Rafael A"]
[Black "Jussupow, Artur"]
[Result "1-0"]
[WhiteElo "2600"]
[BlackElo "2610"]

1.c4 e6 2.d4 Nf6 3.Nc3 Bb4 4.e3 c5 5.Bd3 Nc6 6.Nf3 Bxc3+ 7.bxc3 d6 8.O-O e5
9.Nd2 Qe7 10.d5 Nb8 11.e4 Nbd7 12.Re1 O-O 13.Nf1 Ne8 14.Ng3 g6 15.Bh6 Ng7
16.Qd2 f6 17.h4 Rf7 18.Rf1 Nf8 19.Rae1 Bd7 20.Qb2 b6 21.Bc2 Be8 22.a4 Qd8
23.f3 Rb8 24.Rf2 a6 25.Rb1 Rfb7 26.Qc1 b5 27.cxb5 axb5 28.axb5 Rxb5 29.Rxb5 Bxb5
30.f4 Qe7 31.f5 Bd7 32.Qf1 Rb2 33.Qa1 Rb8 34.Qa5 Be8 35.Qa6 Bb5 36.Qa1 Be8
37.Bd3 Nd7 38.Ra2 Nb6 39.Ra7 Rb7 40.Ra6 Nc8 41.Be2 Ra7 42.Rxa7 Qxa7 43.Qf1 Qe7
44.Bb5 Bf7 45.Bc6 Qd8 46.Bb7 Ne8 47.Qa6 Nc7 48.Qf1 Ne8 49.Bc6 Nc7 50.Qf3 Na7
51.Ba4 Nab5 52.Nf1 Kh8 53.fxg6 hxg6 54.Nh2 Be8 55.Ng4 Kh7 56.Bg5 fxg5 57.Qf8 Nxc3
58.Nf6+ Qxf6 59.Qxf6 Bxa4 60.Qe7+ Kh6 61.Qxg5+ Kg7 62.Qe7+  1-0

[Event "World Cup"]
[Site "Barcelona"]
[Date "1989.??.??"]
[Round "?"]
[White "Illescas Cordoba, Miguel"]
[Black "Nogueiras, Jesus"]
[Result "1/2-1/2"]
[WhiteElo "2525"]
[BlackElo "2575"]

1.e4 e6 2.d4 d5 3.Nd2 c5 4.exd5 Qxd5 5.Ngf3 cxd4 6.Bc4 Qd6 7.O-O Nf6 8.Nb3 Nc6
9.Nbxd4 Nxd4 10.Qxd4 Qxd4 11.Nxd4 Bd7 12.b3 Bc5 13.Bb2 O-O 14.Rad1 Rfd8 15.Nf3  1/2-1/2

[Event "World Cup"]
[Site "Barcelona"]
[Date "1989.??.??"]
[Round "?"]
[White "Huebner, Robert"]
[Black "Vaganian, Rafael A"]
[Result "1/2-1/2"]
[WhiteElo "2600"]
[BlackElo "2600"]

1.e4 e6 2.d4 d5 3.Nd2 c5 4.exd5 exd5 5.Ngf3 Nc6 6.Bb5 Bd6 7.dxc5 Bxc5 8.O-O Ne7
9.Nb3 Bd6 10.Bg5 O-O 11.Re1 Bg4 12.Be2 h6 13.Bh4 Re8 14.Nfd4 Bxe2 15.Rxe2 Qb6
16.c3 Nxd4 17.Nxd4 Nc6 18.Nb3 d4 19.cxd4 Rxe2 20.Qxe2 Nxd4  1/2-1/2

[Event "World Cup"]
[Site "Barcelona"]
[Date "1989.??.??"]
[Round "?"]
[White "Beliavsky, Alexander G"]
[Black "Spassky, Boris V"]
[Result "1-0"]
[WhiteElo "2640"]
[BlackElo "2580"]

1.e4 e5 2.Nf3 Nc6 3.Bb5 a6 4.Ba4 Nf6 5.O-O Be7 6.Re1 b5 7.Bb3 d6 8.c3 O-O
9.h3 Nd7 10.d4 Nb6 11.Nbd2 Bf6 12.d5 Na5 13.Bc2 g6 14.Nf1 Bg7 15.Bg5 f6 16.Be3 Bd7
17.b3 Nb7 18.a4 bxa4 19.b4 a5 20.Bxb6 cxb6 21.Bxa4 b5 22.Bc2 Qc7 23.Ra3 Bh6
24.Qa1 f5 25.Qa2 Kh8 26.Ra1 Rac8 27.Bd3 a4 28.Qe2 Qb6 29.N1d2 Rc7 30.Re1 Rfc8
31.Nb1 Rf8 32.Ra2 Nd8 33.Rc2 Nf7 34.Na3 fxe4 35.Bxe4 Qb8 36.h4 Kg7 37.Qd3 Rb7
38.g3 Qd8 39.Kg2 Qf6 40.Rh1 Rfb8 41.Nh2 g5 42.Nf3 Rh8 43.hxg5 Bxg5 44.Bxh7 Rbb8
45.c4 Bg4 46.Ng1 Bh6 47.Be4 bxc4 48.Rxc4 Bg5 49.Bh7 Bc8 50.b5 Rb7 51.Nf3 Bh6
52.Be4 Ng5 53.Nxg5 Qxg5 54.Rc6 Rf7 55.Rxd6 Rhf8 56.f3 Rf6 57.Rxf6 Qxf6 58.Nc4 Bd7
59.b6 Bb5 60.Rb1 Ba6 61.b7 Rb8 62.d6  1-0